| 000 | 01628nmc a2200565 a 4500 | ||
|---|---|---|---|
| 003 | AR-X00000XY | ||
| 005 | 20251128211924.0 | ||
| 008 | 157020s2007 ||||||||||||||000 | spa|| | ||
| 020 | _a978-950-12-4540-0 | ||
| 040 | _cAR-X00000XY | ||
| 245 | 1 | 0 |
_aPobreza y desarrollo infantil _buna contribución multidisciplinaria |
| 250 | _a1ª ed. | ||
| 260 |
_aBuenos Aires _bPaidós _c2007 |
||
| 300 | 0 | _a320 p. | |
| 490 | 0 |
_aTramas sociales _vv. 40 |
|
| 504 | _aContiene referencias bibliográficas al final de cada artículo | ||
| 650 | 4 | _aPOBREZA | |
| 650 | 4 | _aPOBLACION URBANA | |
| 650 | 4 | _aDESARROLLO DEL NINO | |
| 650 | 4 | _aNUTRICION INFANTIL | |
| 650 | 4 | _aMEDIO AMBIENTE | |
| 650 | 4 | _aINFANCIA | |
| 650 | 4 | _aDERECHOS DEL NINO | |
| 650 | 4 | _aPOLITICAS PUBLICAS | |
| 650 | 4 | _aMARGINALIDAD SOCIAL | |
| 650 | 4 | _aABORIGENES | |
| 700 | 1 |
_aColombo, Jorge A. _eeditor |
|
| 700 | 1 | _aBlanco, Marisol | |
| 700 | 1 | _aBoy, Adolfo E. | |
| 700 | 1 | _aCafiero, Juan Pablo | |
| 700 | 1 | _aCalamante, Alberto J. | |
| 700 | 1 | _aColombo, Emilio O. | |
| 700 | 1 | _aCristiani, Verónica A. | |
| 700 | 1 | _aDíaz, Adrián | |
| 700 | 1 | _aGalli, Alfredo | |
| 700 | 1 | _aGodoy, Daniel O. | |
| 700 | 1 | _aLipina, Sebastián J. | |
| 700 | 1 | _aMartelli, María Inés | |
| 700 | 1 | _aNaddeo, María Elena | |
| 700 | 1 | _aO'Donnell, Alejandro M. | |
| 700 | 1 | _aPérez Blanco, Mónica | |
| 700 | 1 | _aPetetta, Daniel R. | |
| 700 | 1 | _aPorto, Anahí | |
| 700 | 1 | _aSegretin, María Soledad | |
| 700 | 1 | _aTorres Secchi, Alicia M. | |
| 700 | 1 | _aVuelta, Beatriz L. | |
| 800 | 1 | _aGojman, Irene | |
| 942 | _cBK | ||
| 998 | _cNancy | ||
| 999 |
_c21632 _d21632 |
||